Southville International School and Colleges
Your cart is empty.
  • Cart
  • Lists
    Public lists Eva Luna New books Lux_list list_1
    Your lists Log in to create your own lists
  • Log in to your account
  • Your cookies
  • Search history
Southville International School and Colleges
  • Advanced search
  • Recent comments
  • Most popular
  • Libraries

Log in to your account

Log in with GOOGLE


If you do not have an external account, but do have a local account, you can still log in:

  1. Home
  2. MARC view: Hung parliament :
Normal view MARC view ISBD view

Hung parliament : (Record no. 11459)

[ view plain ]
MARC details
000 -LEADER
fixed length control field 00551nam a22001937a 4500
003 - CONTROL NUMBER IDENTIFIER
control field OSt
005 - DATE AND TIME OF LATEST TRANSACTION
control field 20140310182255.0
008 - FIXED-LENGTH DATA ELEMENTS--GENERAL INFORMATION
fixed length control field 121115t xxu||||| |||| 00| 0 eng d
020 ## - INTERNATIONAL STANDARD BOOK NUMBER
International Standard Book Number 0747238367
050 ## - LIBRARY OF CONGRESS CALL NUMBER
Classification number PR 6053
Item number .C934 1992
082 ## - DEWEY DECIMAL CLASSIFICATION NUMBER
Classification number FIC
Item number C86h 1991
100 ## - MAIN ENTRY--PERSONAL NAME
Personal name Critchley, Julian
9 (RLIN) 20294
245 ## - TITLE STATEMENT
Title Hung parliament :
Statement of responsibility, etc Julian Critchley.
Remainder of title an entertainment /
260 ## - PUBLICATION, DISTRIBUTION, ETC. (IMPRINT)
Place of publication, distribution, etc Great Britain :
Name of publisher, distributor, etc Headline Book Publishing Inc.,
Date of publication, distribution, etc c1992.
300 ## - PHYSICAL DESCRIPTION
Extent 109 p. :
Dimensions 18 cm.
650 ## - SUBJECT ADDED ENTRY--TOPICAL TERM
Topical term or geographic name as entry element Science fiction.
942 ## - ADDED ENTRY ELEMENTS (KOHA)
Source of classification or shelving scheme Library of Congress Classification
Koha item type
Holdings
Withdrawn status Lost status Source of classification or shelving scheme Damaged status Home library Current library Shelving location Date acquired Total Checkouts Full call number Barcode Date last seen Copy number Price effective from Koha item type
    Library of Congress Classification   Luxembourg Library Luxembourg Library Fiction Section 09/17/2013   PR 6053 .C934 1992 6868 09/17/2013 1 09/17/2013 Books

Hung parliament :

APA

Critchley J., . (1992). Hung parliament. Great Britain: Headline Book Publishing Inc.

Chicago

Critchley Julian, . 1992. Hung parliament. Great Britain: Headline Book Publishing Inc.

Harvard

Critchley J., . (1992). Hung parliament. Great Britain: Headline Book Publishing Inc.

MLA

Critchley Julian, . Hung parliament. Great Britain: Headline Book Publishing Inc. 1992.

  • Place hold
  • Print
  • Cite
  • Add to your cart (remove)
  • Save record
    BIBTEX Dublin Core MARCXML MARC (non-Unicode/MARC-8) MARC (Unicode/UTF-8) MARC (Unicode/UTF-8, Standard) MODS (XML) RIS
  • More searches
    Search for this title in:
    Other Libraries (WorldCat) Other Databases (Google Scholar) Online Stores (Bookfinder.com) Open Library (openlibrary.org)

Exporting to Dublin Core...

SOUTHVILLE LIBRARY

Southville International School and Colleges Library

1281 Tropical Ave. Cor. Luxembourg St., BF Homes International, Las Pinas City

Tel. No. 8256374 / 252358 Loc. 117/146

Powered by Koha